San martín ; 1778-1850 /

Guardado en:
Formato: Libro
Publicado: Buenos Aires : Encilopedia ilustrada Billiken, 1959
Series:Historia, no. 1
Materias:
Etiquetas: Agregar Etiqueta
Sin Etiquetas, Sea el primero en etiquetar este registro!
LEADER 00479nam a22001695a 4500
001 CEM.cems002244
005 20060216000000.0
008 130507s1959##################000#0#####d
003 CEMS
082 0 4 |a 923 
245 0 0 |a San martín ; 1778-1850 / 
260 |a Buenos Aires :  |b Encilopedia ilustrada Billiken,  |c 1959 
300 |a 66 p. 
490 0 |a Historia, no. 1 
653 |a Biografías 
653 |a San martín, josé de 
859 |a CEMS  |b BIB. CEMS - 11 de abril  |h 923  |i Sa53en  |p 10626.81  |t Ej.1